000 00284nam a2200109 4500
999 _c13577
_d13577
008 190328b ||||| |||| 00| 0 eng d
245 _aZero billing policy.
260 _aDavao City
_bSun Star Davao
_cc2018
300 _apage 14.
650 0 _937877
_aPublic welfare.
942 _2ddc
_cPER